UBT Library

In the classroom : (Record no. 42071)

000 -LEADER
fixed length control field 00736cam a2200241 a 4500
001 - CONTROL NUMBER
control field 1546098
005 - DATE AND TIME OF LATEST TRANSACTION
control field 20180208033623.0
008 - FIXED-LENGTH DATA ELEMENTS--GENERAL INFORMATION
fixed length control field 911212s1992 ctua b 001 0 eng
010 ## - LIBRARY OF CONGRESS CONTROL NUMBER
LC control number 91077534
020 ## - INTERNATIONAL STANDARD BOOK NUMBER
International Standard Book Number 087967931X
040 ## - CATALOGING SOURCE
Original cataloging agency DLC
Transcribing agency DLC
Modifying agency DLC
041 ## - LANGUAGE CODE
Language code of text/sound track or separate title eng
043 ## - GEOGRAPHIC AREA CODE
Geographic area code n-us---
080 ## - UNIVERSAL DECIMAL CLASSIFICATION NUMBER
Universal Decimal Classification number 370.1
082 00 - DEWEY DECIMAL CLASSIFICATION NUMBER
Classification number 370.1 REE
Edition number 20
100 1# - Rafti
Rafti 46
101 ## - Shkurtesa
Shkurtesa EDU
245 10 - TITLE STATEMENT
Title In the classroom :
Statement of responsibility, etc Arthea J.S. Reed and Verna E. Bergemann.
504 ## - BIBLIOGRAPHY, ETC. NOTE
Bibliography, etc Includes bibliographical references (p. 569-588) and indexes.
906 ## - LOCAL DATA ELEMENT F, LDF (RLIN)
a 7
b cbc
c orignew
d 3
e opcn
f 19
g y-gencatlg
942 ## - ADDED ENTRY ELEMENTS (KOHA)
Source of classification or shelving scheme
Item type Books
Holdings
Withdrawn status Lost status Source of classification or shelving scheme Damaged status Not for loan Collection code Permanent location Current location Shelving location Date acquired Total Checkouts Full call number Barcode Date last seen Price effective from Koha item type
          Koleksioni i përgjithshem UBT - Lipjan UBT - Lipjan Koleksioni i përgjithshem 02/08/2018   370.1 REE 002-2998617 02/08/2018 02/08/2018 Books
UBT Library © 2015-2024. All rights reserved University Education for Business and Technology